书目信息 |
| 题名: |
政论文选读
|
|
| 作者: | ;烟台师范专科学校等中文系文选组 编 | |
| 分册: | ||
| 出版信息: | 1977 |
|
| 页数: | 341页 | |
| 开本: | 20cm | |
| 丛书名: | ||
| 单 册: | ||
| 中图分类: | A56 | |
| 科图分类: | ||
| 主题词: | 马列著作--专题汇编 | |
| 电子资源: | ||
| ISBN: | ||
| 000 | 00617nam0 2200181 450 | |
| 001 | 0657226860 | |
| 005 | 20060817170528.25 | |
| 010 | @dCNY0.90 | |
| 100 | @a20060522d1977 km y0chiy0120 ea | |
| 101 | 0 | @achi |
| 200 | 1 | @a政论文选读@Azheng lun wen xuan du@f烟台师范专科学校等中文系文选组编@Fyan tai shi fan zhuan ke xue xiao deng zhong wen xi wen xuan zu bian |
| 210 | @d1977 | |
| 215 | @a341页@d20cm | |
| 606 | 0 | @a马列著作@x专题汇编 |
| 690 | @aA56@v3 | |
| 711 | 0 | @a烟台师范专科学校等中文系文选组@Ayan tai shi fan zhuan ke xue xiao deng zhong wen xi wen xuan zu@4编 |
| 801 | 0 | @aCN@bPFT@c20060817 |
| 905 | @a10447@dA56@e2 | |
| 政论文选读/烟台师范专科学校等中文系文选组编.-1977 |
| 341页;20cm |
| ISBN :CNY0.90 |
| ● |
| 相关链接 |
|
|
|
|
正题名:政论文选读
索取号:A56/2
 
预约/预借
| 序号 | 登录号 | 条形码 | 馆藏地/架位号 | 状态 | 备注 |
| 1 | 0000976 | 202368348 | 密集书库/ [索取号:A56/2] | 在馆 | |
| 2 | 0000977 | 202368357 | 密集书库/ [索取号:A56/2] | 在馆 | |
| 3 | 0000980 | 202369766 | 密集书库/ [索取号:A56/2] | 在馆 | |
| 4 | 0000982 | 202306058 | 密集书库/ [索取号:A56/2] | 在馆 | |
| 5 | 0000983 | 202306085 | 密集书库/ [索取号:A56/2] | 在馆 | |
| 6 | 0000984 | 202369739 | 密集书库/ [索取号:A56/2] | 在馆 | |
| 7 | 0000985 | 202306094 | 密集书库/ [索取号:A56/2] | 在馆 | |
| 8 | 0424570 | 204245708 | 密集书库/ [索取号:A56/2] | 在馆 | |
| 9 | 0449158 | 204491585 | 密集书库/ [索取号:A56/2] | 在馆 | |
| 10 | 0449159 | 204491594 | 密集书库/ [索取号:A56/2] | 在馆 | |
| 11 | 0449160 | 204491601 | 密集书库/ [索取号:A56/2] | 在馆 | |
| 12 | 0465487 | 204654873 | 密集书库/ [索取号:A56/2] | 在馆 |